Teoría de la distribución de la Renta (Registro nro. 4298)
[ vista simple ]
| 000 -LEADER | |
|---|---|
| fixed length control field | 01717 a2200217 4500 |
| 001 - CONTROL NUMBER | |
| control field | 47157 |
| 005 - DATE AND TIME OF LATEST TRANSACTION | |
| control field | 20260407155740.0 |
| 008 - FIXED-LENGTH DATA ELEMENTS--GENERAL INFORMATION | |
| fixed length control field | 260407a1981 arg spa d |
| 003 - CONTROL NUMBER IDENTIFIER | |
| control field | AR-UNSa-BCEJYS |
| 040 ## - CATALOGING SOURCE | |
| Original cataloging agency | AR-UNSa-BCEJYS |
| Language of cataloging | spa |
| Transcribing agency | AR-UNSa-BCEJYS |
| 080 ## - UNIVERSAL DECIMAL CLASSIFICATION NUMBER | |
| Universal Decimal Classification number | 330.34 |
| Common auxiliary subdivision | Desarrollo Económico |
| 020 ## - INTERNATIONAL STANDARD BOOK NUMBER | |
| International Standard Book Number | 84-309-0892-7 |
| 100 1# - MAIN ENTRY--PERSONAL NAME | |
| Personal name | Johnson, Harry G. |
| 245 10 - TITLE STATEMENT | |
| Title | Teoría de la distribución de la Renta |
| 264 #1 - PRODUCTION, PUBLICATION, DISTRIBUTION, MANUFACTURE, AND COPYRIGHT NOTICE | |
| Place of production, publication, distribution, manufacture | Madrid : |
| Name of producer, publisher, distributor, manufacturer | Tecnos |
| Date of production, publication, distribution, manufacture, or copyright notice | 1981 |
| 300 ## - PHYSICAL DESCRIPTION | |
| Extent | 364 p. |
| Dimensions | 23 cm. |
| 505 ## - FORMATTED CONTENTS NOTE | |
| Formatted contents note | 1. Introducción - 2. El enfoque ricardiano de la distribución y el crecimiento - 3. La teoría posricardiana: el problema del reparto total - 4. La teoría posricardiana: generalización de las categorías distributivas clásicas - 5. Los problemas que surgen en la aplicación de la teoría de la productividad marginal - 6. El modelo unisectorial de distribución de la renta - 7. El modelo bisectorial de distribución de la renta - 8. El modelo bisectorial (continuación) - 9. Problemática de la teoría de la renta de la tierra - 10. Problemática de la teoría de los salarios - 11. Capital e interés. El modelo de Wicksell - 12. Capital e interés. El modelo de Fisher - 13. Problemas de la teoría de la inversión - 14. Modelos de crecimiento económico: El de Harrod y el neoclásico unisectorial - 15. El modelo bisectorial de crecimiento económico - 16. La distribución funcional de la renta - 17. Aspectos de la teoría de la distribución de la renta - 18. La desigualdad en la distribución de la renta y el problema de la miseria. |
| 590 ## - LOCAL NOTE (RLIN) | |
| Local note | niveau_biblio:m niveau_hierar:0 |
| 856 41 - ELECTRONIC LOCATION AND ACCESS | |
| Uniform Resource Identifier | <a href="https://www.biblioeco.unsa.edu.ar/pmb/images/libros/L127405.jpg">https://www.biblioeco.unsa.edu.ar/pmb/images/libros/L127405.jpg</a> |
| Link text | Imagen de portada |
| Electronic format type | image/jpeg |
| 942 ## - ADDED ENTRY ELEMENTS (KOHA) | |
| Koha item type | |
| Withdrawn status | Lost status | Damaged status | Not for loan | Home library | Current library | Shelving location | Date acquired | Total checkouts | Full call number | Barcode | Date last seen | Price effective from | Koha item type |
|---|---|---|---|---|---|---|---|---|---|---|---|---|---|
| Biblioteca Prof. Eusebio Cleto del Rey | Biblioteca Prof. Eusebio Cleto del Rey | 07/04/2026 | 330.34 J65 | L127405 | 07/04/2026 | 07/04/2026 | Libro |